No Puedo Vivir Sin Ti - Los Ronaldos - Estadísticas

Estadísticas generales
  • Esta prueba ha sido intentada 200 veces
  • La puntuación promedio es 132 de 162
Estadísticas de respuestas
% Correcto
no
97%
Estribillo No
97%
manera
96%
puedo
96%
sin
96%
ti,
96%
hay
95%
vivir
95%
estar
94%
a
90%
Y
90%
y
90%
la
88%
mi
87%
tu
87%
87%
de
85%
en
85%
más,
84%
más
84%
Verso Llevas
83%
llevas
83%
te
82%
años
80%
cabeza
80%
Pero
79%
pero
79%
que
79%
casa
77%
vida
77%
irás,
76%
irás
76%
76%
toda
76%
tus
76%
Verso Me
75%
me
75%
pelo,
75%
quiero
75%
yo
75%
Yo
75%
manos,
72%
mis
72%
reina
72%
bandera,
70%
Eres
70%
frontera
70%
rarezas
70%
Siempre
70%
siempre
70%
cansado
68%
Debería
68%
dijiste
67%
enredada
67%
Has
67%
irías
65%
reinarás,
65%
reinarás
65%
con
63%
su
63%
traspasado
63%
para
62%
ya
62%
quedo
61%
lugar
57%
ningún
56%
aquí
54%
llevar
54%
esperando
53%
dejaré
52%
muevas
52%
buscarme,
50%
ahora
49%
estoy
48%
colgado
43%
fronteras
43%
vengan
43%
encontrarán,
42%
encontrarán
42%
No se encontraron pruebas coincidentes
Distribución de puntuación
Porcentaje de gente con cada puntuación
Porcentaje por número respondido
Historial de tus puntuaciones
No has intentado esta prueba.